International Accounting Standard IAS 41 – Agriculture

Na minha lista:
Detalhes bibliográficos
Autor principal: Lukáč, Jozef, 1991-
Formato: Capítulo de Livro
Idioma:inglês
Assuntos:
Tags: Adicionar Tag
Sem tags, seja o primeiro a adicionar uma tag!

MARC

LEADER 00000nla a2200000 4500
001 0240631
005 20240502073920.9
041 0 |a eng 
044 |a SK 
245 1 0 |a International Accounting Standard IAS 41 – Agriculture  |c Jozef Lukáč 
500 |a Abstrakt 
610 2 0 |a IFRS 
610 2 0 |a štandardy účtovné medzinárodné 
610 2 0 |a poľnohospodárstvo 
610 2 0 |a účtovníctvo 
100 1 |a Lukáč, Jozef, 1991-